Teoría y problemas de principios digitales / (Record no. 135353)

MARC details
000 -LEADER
campo de control de longitud fija 00615nam a2200169 i 4500
001 - NÚMERO DE CONTROL
campo de control 135353
003 - IDENTIFICADOR DE NÚMERO DE CONTROL
campo de control ES-MaACL
007 - CAMPO FIJO DE DESCRIPCIÓN FÍSICA--INFORMACIÓN GENERAL
campo de control de longitud fija t|
008 - DATOS DE LONGITUD FIJA--INFORMACIÓN GENERAL
campo de control de longitud fija 070716s1983 sp ||||1| spa d
100 1# - ENTRADA PRINCIPAL--NOMBRE DE PERSONA
Nombre de persona Tohkeim, Roger L.
9 (RLIN) 110427
245 10 - MENCIÓN DEL TÍTULO
Título Teoría y problemas de principios digitales /
Mención de responsabilidad, etc. Roger L. Tohkeim ; traducción: Raul Varela G., María Pozzi de del Conde ; revisión técnica: José Cenzubieta.
260 ## - PUBLICACIÓN, DISTRIBUCIÓN, ETC.
Lugar de publicación, distribución, etc. Madrid, etc. :
Nombre del editor, distribuidor, etc. McGraw-Hill,
Fecha de publicación, distribución, etc. [1983]
300 ## - DESCRIPCIÓN FÍSICA
Extensión VII, 240 p. ;
Dimensiones 28 cm.
700 1# - ENTRADA AGREGADA--NOMBRE PERSONAL
Nombre de persona Varela G., Raul.
9 (RLIN) 113157
700 1# - ENTRADA AGREGADA--NOMBRE PERSONAL
Nombre de persona Pozzi de del Conde, María.
9 (RLIN) 93565
852 ## - LOCALIZACIÓN
Ubicación ES-MaACL
Número de control de estantería L-7491
Sublocalización o colección R.107988
Holdings
Estatus retirado Estado de pérdida Estado de daño No para préstamo Biblioteca de origen Biblioteca actual Ubicación en estantería Fecha de adquisición Fuente de adquisición Total de préstamos Signatura topográfica completa Código de barras Visto por última vez Precio de reemplazo Tipo de ítem Koha
        Biblioteca del Ateneo de Madrid Biblioteca del Ateneo de Madrid Depósito 2 17/01/2008     L-7491 1140879 23/02/2023 23/02/2023 Libro impreso